Computer Architecture (Record no. 233770)

MARC details
000 -LEADER
fixed length control field 00471nam a2200193Ia 4500
008 - FIXED-LENGTH DATA ELEMENTS--GENERAL INFORMATION
fixed length control field 240823s9999||||xx |||||||||||||| ||und||
082 ## - DEWEY DECIMAL CLASSIFICATION NUMBER
-- 004.22 Q3
100 ## - MAIN ENTRY--PERSONAL NAME
Personal name Venkatesan M
245 #0 - TITLE STATEMENT
Title Computer Architecture
250 ## - EDITION STATEMENT
Edition statement 1st
260 ## - PUBLICATION, DISTRIBUTION, ETC. (IMPRINT)
Date of publication, distribution, etc 2013
Name of publisher, distributor, etc AR Publica
Place of publication, distribution, etc Nagapattanam
500 ## - GENERAL NOTE
General note YES
650 ## - SUBJECT ADDED ENTRY--TOPICAL TERM
Topical term or geographic name as entry element Computer Architecture
700 ## - ADDED ENTRY--PERSONAL NAME
Personal name Meenakshi Devi P
942 ## - ADDED ENTRY ELEMENTS (KOHA)
Item type Books
Holdings
Withdrawn status Lost status Damaged status Permanent location Current location Shelving location Date acquired Source of acquisition Cost, normal purchase price Full call number Barcode Date last seen Koha item type
      CENTRAL LIBRARY, NOORUL ISLAM CENTRE FOR HIGHER EDUCATION CENTRAL LIBRARY, NOORUL ISLAM CENTRE FOR HIGHER EDUCATION NI Tech 01/20/2021 J R Book Agencies 185.00 004.22 Q3 81653 08/23/2024 Books
Visitors:
Copyright © 2024 Central Library NICHE.  All rights reserved.